| 000 | 00571nam a2200169 a 4500 | ||
|---|---|---|---|
| 001 | 000047860 | ||
| 005 | 20201002060759.0 | ||
| 008 | 180831s2012 dr a 000 spa d | ||
| 020 | _a9789945489354 | ||
| 040 |
_aDO-SdBNP _bspa _cBNPHU |
||
| 082 |
_axxx _bC965 |
||
| 100 | 1 |
_aCuello Montero, Mauricio Marcial _975419 |
|
| 245 | 0 |
_aCrisis del sector eléctrico en la República Dominicana : _bcausas y consecuencias / _cMauricio Marcial Cuello Montero. |
|
| 260 |
_aSanto Domingo : _bCentenario, _c2012. |
||
| 300 |
_a385 p. : _bil ; _c21 cm. |
||
| 590 | _aInventariado,2018/DG | ||
| 999 |
_c47348 _d47348 |
||